|
|
|
|
| LEADER |
01935nam a2200361 a 4500 |
| 001 |
EBC1137536 |
| 003 |
MiAaPQ |
| 005 |
20200520144314.0 |
| 006 |
m o d | |
| 007 |
cr cn||||||||| |
| 008 |
081117s2009 caua sb 001 0 eng |
| 010 |
|
|
|z 2008046171
|
| 020 |
|
|
|z 9781593271831
|
| 020 |
|
|
|z 1593271832
|
| 035 |
|
|
|a (MiAaPQ)EBC1137536
|
| 035 |
|
|
|a (Au-PeEL)EBL1137536
|
| 035 |
|
|
|a (CaPaEBR)ebr10310896
|
| 035 |
|
|
|a (OCoLC)830164418
|
| 040 |
|
|
|a MiAaPQ
|c MiAaPQ
|d MiAaPQ
|
| 050 |
|
4 |
|a HD9696.63.A2
|b T47 2009
|
| 082 |
0 |
4 |
|a 005.068/4
|2 22
|
| 100 |
1 |
|
|a Testa, Louis.
|
| 245 |
1 |
0 |
|a Growing software
|h [electronic resource] :
|b proven strategies for managing software engineers /
|c by Louis Testa.
|
| 260 |
|
|
|a San Francisco :
|b No Starch Press,
|c c2009.
|
| 300 |
|
|
|a xviii, 401 p. :
|b ill.
|
| 504 |
|
|
|a Includes bibliographical references and index.
|
| 505 |
0 |
|
|a Getting started -- Managing a development team -- Creating an effective development team -- Growing a software team -- Defining the product -- Driving releases -- Evaluating your tools and methods -- Assessing your technology -- Working with your company -- Working with the CEO and the executive team -- Listening to your customers -- Project estimating -- Starting a project -- Project execution and tracking -- Designing a software development process -- Process improvement -- Understanding quality assurance -- Setting the direction -- Product roadmap and strategy -- Going forward.
|
| 533 |
|
|
|a Electronic reproduction. Ann Arbor, MI : ProQuest, 2015. Available via World Wide Web. Access may be limited to ProQuest affiliated libraries.
|
| 650 |
|
0 |
|a Computer software industry
|x Management.
|
| 650 |
|
0 |
|a Computer software industry
|x Technological innovations
|x Management.
|
| 655 |
|
4 |
|a Electronic books.
|
| 710 |
2 |
|
|a ProQuest (Firm)
|
| 856 |
4 |
0 |
|u https://ebookcentral.proquest.com/lib/matrademy/detail.action?docID=1137536
|z Click to View
|